Growing shrubs and small trees in cold climates (Record no. 119)
[ view plain ]
| 000 -LEADER | |
|---|---|
| fixed length control field | 01083nam a2200157 4500 |
| 020 ## - INTERNATIONAL STANDARD BOOK NUMBER | |
| ISBN | 9780809224913 |
| 050 ## - CALL NUMBER | |
| Classification number | SB43 |
| Item number | .R67 ROS |
| 100 ## - AUTHOR | |
| Personal name | Rose, Nancy |
| -- | Selinger, Don |
| -- | Whitman, John |
| 245 ## - TITLE | |
| Title | Growing shrubs and small trees in cold climates |
| Statement of responsibility, etc | Nancy Rose, Don Selinger, and John Whitman. |
| 260 ## - PUBLICATION INFORMATION | |
| Place of publication | Lincolnwood (Chicago), Ill. : |
| Name of publisher | Contemporary Books, |
| Year of publication | 2001. |
| 300 ## - DESCRIPTION | |
| Number of Pages | xvi, 431 pages : |
| Other physical details | color illustrations, color map ; |
| Dimensions | 28 cm |
| 500 ## - NOTES | |
| General note | INCLUDES INDEX |
| 505 ## - FORMATTED CONTENTS NOTE | |
| Table of Content | pt. I. The Most Popular Shrubs and Small Trees. 1. Individual Listings --<br/>pt. II. The Basics of Growing Shrubs and Small Trees. 2. Selecting Shrubs and Small Trees. 3. Selecting and Preparing a Site. 4. Preparing the Planting Hole. 5. Planting Shrubs and Small Trees. 6. Transplanting. 7. Caring for Shrubs and Small Trees. 8. Solving Problems. 9. Propagating Shrubs and Small Trees. 10. Special Uses for Shrubs and Small Trees. 11. Tools and Supplies. |
| 650 ## - SUBJECTS | |
| Topical Term | Ornamental shrubs -- Snowbelt States. |
| -- | Ornamental shrubs -- Canada. |
| -- | Ornamental trees -- Snowbelt States. |
| 942 ## - ADDED ENTRY ELEMENTS (KOHA) | |
| Koha item type | Books |
| Withdrawn status | Lost status | Home library | Current library | Date acquired | Full call number | Accession Number | Koha item type |
|---|---|---|---|---|---|---|---|
| Methodist University Library Wenchi Faculty | Methodist University Library Wenchi Faculty | 12/10/2017 | SB43 .R67 ROS | 26791 | Books | ||
| Methodist University Library Wenchi Faculty | Methodist University Library Wenchi Faculty | 12/10/2017 | SB43 .R67 ROS | 26790 | Books |